| 000 | 00571nam a22001817a 4500 | ||
|---|---|---|---|
| 999 |
_c173566 _d173566 |
||
| 005 | 20200302164716.0 | ||
| 010 | _aENG-127949 | ||
| 020 |
_a9788175247376 _c300.00 |
||
| 035 | _aEN-111481 | ||
| 037 | _bDBAD/PUB | ||
| 082 | _a613.711 | ||
| 100 | _aPathak,Minakshi Pathak | ||
| 245 |
_aComplete Guide to Sports Training/ _cby Minakshi Pathak |
||
| 260 |
_aNew Delhi _bKhel Sahitya Kendra _c2015 |
||
| 270 |
_a7/26, Ansari Road, Daryaganj _bNew Delhi _e110002 _mkhelsahitya@rediffmail.com |
||
| 300 |
_a103p. _c23cm(hb) |
||
| 942 |
_2ddc _cEN _h796.07 _mPAT |
||